000 00467cam a2200169 4500
001 D12727
008 090401t xxu||||| |||| 00| 0 eng d
035 _a(Sirsi) u5328
041 _aeng
110 _aFIABCI
245 _aThree town planning problems: three world wide solutions
260 _aParis
_bFIABCI
_cnd
350 _a0
520 _aShelf 179 16th FIABCI World Convention Section for Builders Brussels 11-16 June 1965
942 _n0
948 _c04/03/1997
999 _c86161
_d86161